Anatomy Word Scramble - Statistics

General Stats
  • This quiz has been taken 68 times
  • The average score is 5 of 15
Answer Stats
Answer % Correct
clavicle
61%
esophagus
58%
tissue
56%
pituitary
47%
sternum
42%
trachea
40%
diaphragm
39%
epidermis
35%
intestines
33%
pancreas
32%
urethra
30%
buttocks
28%
metacarpal
14%
adenoids
11%
cartilage
9%
No matching quizzes found
Score Distribution
Percent of People with Each Score
Percentile by Number Answered
Your Score History
You have not taken this quiz